Wpisz nazwy krajów azjatyckich z flagą - Statystyki

Ogólne statystyki
  • Ten quiz został rozwiązany 16 razy
  • Średni wynik to 9 z 16
Statystyki odpowiedzi
Obrazkowy Odpowiedź % Poprawnych
Japonia
79%
Jordania
79%
Bahrajn
71%
Chiny
71%
Filipiny
71%
Gruzja
71%
Malezja
71%
Sri Lanka
71%
Liban
64%
Papua Nowa Gwinea
57%
Brunei
50%
Butan
50%
Kazakhstan
29%
Myanmar
29%
Tajikistan
21%
Wschodni Timor
7%
Nie znaleziono quizów pasujących do podanych kryteriów
Rozkład punktacji
Procent ludzi z każdym wynikiem
Percentyl według liczby udzielonych odpowiedzi
Twoja historia wyników
Nie rozwiązałeś tego quizu